FEMTOGO - Carrière - Statistiques

Statistiques générales
  • Ce quiz a été pris 72 fois
  • Le résultat moyen est 31 sur 59
Statistiques - réponses
Hint Réponse % Correct
13 LE MÔME
91%
5 UN AUTRE JOUR
85%
2 100 000 LUMEN
78%
10 MIRRROIR
78%
2 MME.RIFFAUD
78%
6 RAINY DAY
74%
11 SEPTICÉMIE
74%
8 G.MCKENNA
72%
12 P*****D*C****
70%
3 HANK J.
67%
3 SCOPOLAMINE
67%
4 BACHA BAZI WHISTLEBLOWER
65%
5 GEIGER COUNTER
65%
4 OFF ROAD
65%
7 SIXTH FLOOR
65%
5 Tuer la Bête
65%
1 MACALLAN SPEECH
63%
9 PUKE SOMETHING
63%
1 WHITE CHAMBER TALK
63%
4 JADE LA HYÈNE
61%
3 55 WEST
59%
11 ANY MERCY FORBIDDEN
59%
4 GEÔLE (feat. FEMTOGO)
59%
2025 (CLOSED CHAPTER) LEONARD SHELBY
59%
1 ZAGA
59%
6 EVIL KNIEVEL
57%
1 NEMBUTAL
54%
2025 (CLOSED CHAPTER) LETHARGIC STATE
52%
5 SAVILE ROW
52%
4 AL-MASADA
50%
2 Draga Daï
50%
8 SONATA
50%
6 2010
48%
3 4000Kestrel
48%
3 BOCATHEVA
48%
5 GLAIVE
48%
1 SIEGFRIED
46%
2022 (BRAVO-6) VENTABLACK
46%
2022 .50BMG (feat. abel31)
43%
2 BLACKHAWK
43%
2 GAISERIC
43%
2022 (BRAVO-6) ADDY
41%
2024 AZALÉE (feat. IDHEM ARCHIVE)
41%
7 EDC
41%
3 LIE
41%
2023 USPMATCH (feat. amne)
39%
1 ADATA
37%
4 CODE
37%
2025 (CLOSED CHAPTER) FIRST STEP
37%
9 UNDERCOVER
37%
2022 6:AM (feat. Irko & Odbussy
35%
2023 MKII
35%
10 O.M.A
35%
2021 Depuis (feat. Giacoshi & Irko)
33%
2 ÉPINE
33%
2024 otk (feat. Livio mi6)
30%
2023 moonlight sonata interlude (feat. abel31)
26%
2024 TALI (feat. Meel B)
22%
2022 Novitchok (feat. Sely & amne)
20%
Aucun quiz correspondant
Distribution des résultats
% des personnes avec chaque résultat
Percentile par nombre de réponses
Votre historique - résultats
Vous n’avez pas pris ce quiz